| 000 | 00710nam a22001815i 4500 | ||
|---|---|---|---|
| 001 | 164058 | ||
| 003 | ES-MaACL | ||
| 005 | 20250915063100.0 | ||
| 008 | 020606s1909 sp |||| | spa d | ||
| 040 |
_aCAM _bspa _cCAM |
||
| 100 | 1 |
_aRovira y Serra, Manuel, _d1865-1929 _9132129 |
|
| 245 | 1 | 3 |
_aLa venus negra _b: comedia dramática en un acto y en prosa / _coriginal de Manuel Rovira y Serra. |
| 260 |
_aMadrid : _b[s.n.], _c1909 ( _fR. Velasco, imp.) |
||
| 300 |
_a24 p. ; _c19 cm. |
||
| 596 | 1 | _aAl v. de antep. consta : "... Sociedad de Autores Españoles..." | |
| 852 |
_aES-MaACL _jG-3519(9) _z-- Enc. tela, falto de la cub. original _z-- Enc. en un vol. facticio |
||
| 999 |
_c164058 _d164058 |
||